000 01273nam a2200373Ic 4500
001 58695
003 CO-BoRNBP
005 20250827170227.0
007 ta
008 210809s2014 mx a br 000 p spa d
020 _a9786071623607
040 _aCO-BoRNBP
_bspa
_erda
_cCO-BoRNBP
041 0 _aspa
084 _aP
100 _aSánchez, Bianca Estela,
_d1982-
_eaut
_963824
245 1 3 _aLa artesana de las nubes /
_cBianca Estela Sánchez ; ilustraciones de Leonor Alejandra Pérez Bustos.
250 _aPrimera edición
264 1 _aMéxico :
_bFundación para las Letras Mexicanas,
_c2014
300 _a[68] páginas :
_bilustraciones
336 _atexto
_btxt
_2rdacontent
337 _asin mediación
_bn
_2rdamedia
338 _avolumen
_bnc
_2rdacarrier
521 _aRecomendado para un público infantil mayor de 6 años
650 0 7 _aArtesanías
_vPoesía
_2LEMB
_963825
650 0 4 _aPoesía infantil mexicana
_ySiglo XX
_2LEMB
_963784
650 0 7 _aSoledad
_vPoesía
_2lemb
_963826
650 0 7 _aMujeres
_vPoesía
_2LEMB
_91823
650 0 4 _aLiteratura infantil mexicana
_2LEMB
_92461
655 _aPoesía
_962912
655 _aPoesía
_962912
655 _aPoesía
_962912
700 _aPérez Bustos, Leonor Alejandra
_eill
_963827
942 _2loc
_cBKLIT
999 _c58695
_d58695